Text book of Social Science (Record no. 50083)
[ view plain ]
| 000 -LEADER | |
|---|---|
| fixed length control field | 00308nam a2200133Ia 4500 |
| 008 - FIXED-LENGTH DATA ELEMENTS--GENERAL INFORMATION | |
| fixed length control field | 220530s9999 xx 000 0 und d |
| 041 ## - LANGUAGE CODE | |
| Language code of text/sound track or separate title | eng |
| 082 ## - DEWEY DECIMAL CLASSIFICATION NUMBER | |
| Classification number | 301 |
| Item number | SAH |
| 100 ## - MAIN ENTRY--PERSONAL NAME | |
| Personal name | Sahakar |
| 9 (RLIN) | 54830 |
| 245 ## - TITLE STATEMENT | |
| Title | Text book of Social Science |
| 260 ## - PUBLICATION, DISTRIBUTION, ETC. (IMPRINT) | |
| Name of publisher, distributor, etc. | Central Book Stall |
| 300 ## - PHYSICAL DESCRIPTION | |
| Other physical details | PB |
| 906 ## - LOCAL DATA ELEMENT F, LDF (RLIN) | |
| a | 25 |
| b | ALIED |
| Withdrawn status | Lost status | Damaged status | Not for loan | Collection code | Home library | Current library | Date acquired | Vendor | Cost, normal purchase price | Full call number | Barcode | Date last seen | Cost, replacement price | Bill Date | Koha item type | Original Barcode |
|---|---|---|---|---|---|---|---|---|---|---|---|---|---|---|---|---|
| Allied Science | Cummins College of Engineering for Women Nagpur | Cummins College of Engineering for Women Nagpur | 13/12/2010 | Central Book Stall | 100.00 | 301/SAH | CEWN-BK-2642 | 30/05/2022 | 75.00 | 30/05/2022 | Books | 002642 |